Проектирование и программная реализация экспертных систем на персональных ЭВМ: пер. с англ.

Λεπτομέρειες βιβλιογραφικής εγγραφής
Κύριος συγγραφέας: Таунсенд К. Карл
Άλλοι συγγραφείς: Фохт Д. Деннис
Περίληψη:Доп. тит. лист
Γλώσσα:Ρωσικά
Έκδοση: Москва, Финансы и статистика, 1990
Θέματα:
Μορφή: Βιβλίο
KOHA link:https://koha.lib.tpu.ru/cgi-bin/koha/opac-detail.pl?biblionumber=57398

MARC

LEADER 00000nam0a2200000 4500
001 57398
005 20231031054211.0
010 |a 5279002550 
035 |a (RuTPU)RU\TPU\book\60543 
090 |a 57398 
100 |a 20031030d1990 km y0rusy50 ca 
101 1 |a rus  |c eng 
102 |a RU 
105 |a a z 001zy 
200 1 |a Проектирование и программная реализация экспертных систем на персональных ЭВМ  |e пер. с англ.  |f К. Таунсенд, Д. Фохт 
210 |a Москва  |c Финансы и статистика  |d 1990 
215 |a 318 с.  |c ил. 
300 |a Доп. тит. лист 
320 |a Библиогр.: с. 314-315. 
610 1 |a экспертные системы 
610 1 |a проектирование 
610 1 |a программирование 
610 1 |a математические методы 
610 1 |a вычислительные машины 
610 1 |a ЭВМ 
675 |a 681.518.2  |v 3 
700 1 |a Таунсенд  |b К.  |g Карл 
701 1 |a Фохт  |b Д.  |g Деннис 
801 1 |a RU  |b 63413507  |c 20031030  |g PSBO 
801 2 |a RU  |b 63413507  |c 20160923  |g PSBO 
942 |c BK